Vývojové vlny predikčních modelů s důrazem na střední Evropu

Popis vývojových vĺn vzniku predikčných modelov finančnej tiesne podnikateľských jednotiek so snahou o doplnenie charakteristiky vtedajšieho hospodársko-politického prostredia. Zdôrazňuje sa vývoj na väzbu tranzitných ekonomík v strednej Európe. Snahou je vývoj modelov predikcie finančnej tiesne zas...

Descrizione completa

Salvato in:
Dettagli Bibliografici
Autore principale: Čámská, Dagmar
Natura: Capitolo di libro
Lingua:ceco
Soggetti:
Tags: Aggiungi Tag
Nessun Tag, puoi essere il primo ad aggiungerne!!

MARC

LEADER 00000nla a2200000 4500
001 0230350
005 20240417075117.7
041 0 |a cze 
044 |a CZ 
245 1 0 |a Vývojové vlny predikčních modelů s důrazem na střední Evropu  |c Dagmar Čámská 
520 |a Popis vývojových vĺn vzniku predikčných modelov finančnej tiesne podnikateľských jednotiek so snahou o doplnenie charakteristiky vtedajšieho hospodársko-politického prostredia. Zdôrazňuje sa vývoj na väzbu tranzitných ekonomík v strednej Európe. Snahou je vývoj modelov predikcie finančnej tiesne zasadiť do širšieho ekonomického a sociálneho rozmeru. 
610 2 0 |a modely prognostické 
610 2 0 |a bankrot 
610 2 0 |a tranzit 
610 2 0 |a zdravie podniku finančné 
610 2 0 |a situácia finančná podniku 
100 1 |a Čámská, Dagmar